| 000 | 01074cam a22003377a 4500 | ||
|---|---|---|---|
| 003 | CHAP | ||
| 005 | 20220817042738.0 | ||
| 008 | 971013s1995 r 00010 d | ||
| 010 | _a54215 | ||
| 011 | _a55187 | ||
| 035 | _a59339 | ||
| 040 | _cCHAP | ||
| 082 |
_a632.93 _bF3f v.27p |
||
| 110 | _aFAO | ||
| 245 | 1 | 3 |
_aLe soja dans les tropiques _b: amélioration et production |
| 260 |
_aRome : _bFAO, _c1995 |
||
| 300 |
_a274 p. _b: ilus. |
||
| 490 | 0 |
_aFAO. Producción y protección vegetal _v; 27p |
|
| 590 |
_aBATCH-UPD _b10 _c20130110 _lUCH01 _h1604 |
||
| 590 |
_aBATCH-UPD _b10 _c20130410 _lUCH01 _h1001 |
||
| 590 |
_aBATCH-UPD _b10 _c20130914 _lUCH01 _h1428 |
||
| 590 |
_aCONVERSION _b10 _c20130109 _lUCH01 _h1329 |
||
| 650 | 1 | 4 |
_aSoya _xEnfermedades. _9109044 |
| 650 | 1 | 4 |
_aSoya _xMejoramiento. _9109069 |
| 650 | 1 | 4 |
_aSoya _xRendimiento. _9109084 |
| 650 | 1 | 4 |
_aSoya _xTrópicos. _9109094 |
| 830 | 0 |
_aFAO. Producción y protección vegetal _v; 27p _939654 |
|
| 901 | _aBK | ||
| 942 | _cLIBRO | ||
| 949 |
_a632.93 F3f v.27p _bBC _cFAO _d33724000396438 _eFAO1 _h89491 _i59339 _si |
||
| 999 |
_c54215 _d54215 |
||